Sports Quiz

Random Sports or NBA Quiz

Big 4 Champions ('90s & '00s) Quiz Stats

 Plays Quiz Updated Nov 8, 2018

Challenge
Share
Tweet
Embed
Score 0/80 Timer 05:00
12 Plays Today
% Correct
New York Yankees
97.2%
New York Yankees
97.2%
New York Yankees
97.2%
New York Yankees
97.2%
New York Yankees
97.2%
Los Angeles Lakers
95.7%
Los Angeles Lakers
95.7%
Los Angeles Lakers
95.7%
Los Angeles Lakers
95.7%
New York Giants
94.8%
New York Giants
94.8%
New England Patriots
94.3%
New England Patriots
94.3%
New England Patriots
94.3%
Cincinnati Reds
93.7%
Boston Red Sox
93.5%
Boston Red Sox
93.5%
Chicago Bulls
90.5%
Chicago Bulls
90.5%
Chicago Bulls
90.5%
Chicago Bulls
90.5%
Chicago Bulls
90.5%
Chicago Bulls
90.5%
Boston Celtics
88.8%
Pittsburgh Steelers
87.8%
Pittsburgh Steelers
87.8%
San Antonio Spurs
86.5%
San Antonio Spurs
86.5%
San Antonio Spurs
86.5%
San Antonio Spurs
86.5%
Dallas Cowboys
85.8%
Dallas Cowboys
85.8%
Dallas Cowboys
85.8%
Miami Heat
85.7%
Detroit Red Wings
84.8%
Detroit Red Wings
84.8%
Detroit Red Wings
84.8%
Detroit Red Wings
84.8%
Green Bay Packers
84.5%
St. Louis Cardinals
84.2%
% Correct
Chicago White Sox
81.1%
Detroit Pistons
80.6%
Detroit Pistons
80.6%
Florida Marlins
78.8%
Florida Marlins
78.8%
New York Rangers
78.6%
Indianapolis Colts
78.2%
San Francisco 49ers
77.4%
Houston Rockets
76%
Houston Rockets
76%
Pittsburgh Penguins
75.8%
Pittsburgh Penguins
75.8%
Pittsburgh Penguins
75.8%
Denver Broncos
75.3%
Denver Broncos
75.3%
Atlanta Braves
74.9%
Baltimore Ravens
74.1%
St. Louis Rams
73.8%
New Orleans Saints
73.1%
Philadelphia Phillies
73%
Toronto Blue Jays
72%
Toronto Blue Jays
72%
Arizona Diamondbacks
70.8%
Tampa Bay Buccaneers
67.5%
Anaheim Angels
67.5%
Montreal Canadiens
64.7%
Washington Redskins
64.1%
Colorado Avalanche
63%
Colorado Avalanche
63%
Minnesota Twins
62.3%
New Jersey Devils
61.9%
New Jersey Devils
61.9%
New Jersey Devils
61.9%
Edmonton Oilers
57.4%
Dallas Stars
56.1%
Tampa Bay Lightning
54.8%
Anaheim Ducks
54%
Carolina Hurricanes
49%
No Postseason
44%
No Postseason
42.8%

You're not logged in!

Compare scores with friends on all Sporcle quizzes.
OR
Log In

You Might Also Like...

Show Comments

Extras

Top Quizzes Today


Score Distribution

Your Account Isn't Verified!

In order to create a playlist on Sporcle, you need to verify the email address you used during registration. Go to your Sporcle Settings to finish the process.

Report this User

Report this user for behavior that violates our Community Guidelines.

Details: